Mahacharithamaala-20 Biographies of O. Chanthu Menon, C V Raman, Pillai, Uroob (Record no. 93747)

MARC details
000 -LEADER
fixed length control field 00508nam a2200145Ia 4500
008 - FIXED-LENGTH DATA ELEMENTS--GENERAL INFORMATION
fixed length control field 211109s9999||||xx |||||||||||||| ||und||
082 ## - DEWEY DECIMAL CLASSIFICATION NUMBER
Classification number 894.81292
Item number THO-M
100 ## - MAIN ENTRY--PERSONAL NAME
Personal name Thomas, M V
245 #0 - TITLE STATEMENT
Title Mahacharithamaala-20 Biographies of O. Chanthu Menon, C V Raman, Pillai, Uroob
260 ## - PUBLICATION, DISTRIBUTION, ETC.
Name of publisher, distributor, etc. NATIONAL BOOKSTALL
Place of publication, distribution, etc. Kottayam
Date of publication, distribution, etc. 1981
300 ## - PHYSICAL DESCRIPTION
Extent 99p.
630 ## - SUBJECT ADDED ENTRY--UNIFORM TITLE
General subdivision General Stack
650 ## - SUBJECT ADDED ENTRY--TOPICAL TERM
Topical term or geographic name entry element Biography, genealogy & insignia
942 ## - ADDED ENTRY ELEMENTS (KOHA)
Koha item type BOOK
650 ## - SUBJECT ADDED ENTRY--TOPICAL TERM
Form subdivision Altaic, Uralic, Hyperborean & Dravidian
General subdivision Literature & rhetoricGeneralia
Holdings
Withdrawn status Lost status Damaged status Not for loan Home library Current library Date acquired Cost, normal purchase price Total Checkouts Full call number Barcode Shelving location Date last seen Price effective from Koha item type
        SB LIBRARY SB LIBRARY 09/11/2021 100.00   894.81292 THO-M 00078727 GENERAL STACK 09/11/2021 09/11/2021 BOOK

Powered by Koha